ბათუმის შოთა რუსთაველის სახელმწიფო უნივერსიტეტის ბიბლიოთეკა

ლექსიკოლოგიისა და სტილისტიკის საკითხთა სწავლება რვაწლიან სკოლაში / (ბიბ.ჩანაწერი № 54676)

000 -ლიდერი
ფიქსირებული სიგრძის საკონტროლო ველი 01115nam a2200241Ia 4500
001 - საკონტროლო ნომერი
საკონტროლო ველი 21743
003 - საკონტროლო ნომრის იდენტიფიკატორი
საკონტროლო ველი GE_BSU
005 - ბოლო ოპერაციის თარიღი და დრო
საკონტროლო ველი 20220208163222.0
008 - ფიქსირებული სიგრძის მონაცემთა ელემენტები - ზოგადი ინფორმაცია
ფიქსირებული სიგრძის საკონტროლო ველი 181216s1982||||ge |||||||||||||| ||geo||
040 ## - კატალოგიზაციის წყარო
Transcribing agency GE_BSU
041 ## - ენის კოდი
Language code of text/sound track or separate title geo
080 ## - უნივერსალური ათობითი კლასიფიკაციის ინდექსი
Universal Decimal Classification number 811.353.1'373(072) + 811.353.1'38(072) გ-12
100 ## - მთავარი ჩანაწერი - პიროვნების სახელი
Personal name გაბეჩავა, რ.
9 (RLIN) 13500
245 ## - ცნობა სათაურის შესახებ
Title ლექსიკოლოგიისა და სტილისტიკის საკითხთა სწავლება რვაწლიან სკოლაში /
Statement of responsibility, etc რ. გაბეჩავა ; რედ. ნ. ფალავანდიშვილი.
264 ## - წარმოების, გამოცემის, დისტრიბუციის და სხვა ცნობები
გამოცემის, წარმოების, დისტრიბუციის... ადგილი თბილისი :
გამოცემის, წარმოების, დისტრიბუციის... სახელწოდება განათლება,
გამოცემის, წარმოების, დისტრიბუციის... თარიღი 1982.
300 ## - ფიზიკური აღწერა
Extent 158 გვ. ;
Dimensions 20 სმ.
653 ## - INDEX TERM--UNCONTROLLED
Uncontrolled term ქართული ენა
653 ## - INDEX TERM--UNCONTROLLED
Uncontrolled term ქართული ენის ლექსიკოლოგია
653 ## - INDEX TERM--UNCONTROLLED
Uncontrolled term ქართული ენის სტილისტიკა
700 ## - ADDED ENTRY--PERSONAL NAME
Personal name ფალავანდიშვილი, ნ.
Relator term რედაქტორი
9 (RLIN) 13501
942 ## - ADDED ENTRY ELEMENTS (KOHA)
Koha item type წიგნი
Source of classification or shelving scheme
ეგზემპლარები
ჩამოწერის სტატუსი დაკარგული ეგზემპლარის სტატუსი კლასიფიკაციის წყარო ან თაროზე გაწყობის სქემა დაზიანების სტატუსი არ გაიცემა მუდმივი მდებარეობა (დაცვის ადგილი) ამჟამინდელი ადგილსამყოფელი თაროზე განთავსების ადგილი შეძენის თარიღი ღირებულება, შესყიდვის ნორმალური ფასი სრული შენახვის შიფრი შტრიხკოდი ბოლო ოპერაციის თარიღი ეგზემპლარის მიმდევრობითი ნომერი (კეტერი?) ფასის ძალაში შესვლის თარიღი ეგზემპლარის სახეობა საჯარო შენიშვნა
          ბათუმის შოთა რუსთაველის სახელმწიფო უნივერსიტეტის მთავარი ბიბლიოთეკა ბათუმის შოთა რუსთაველის სახელმწიფო უნივერსიტეტის მთავარი ბიბლიოთეკა წიგნსაცავი 2018-12-17 0.50 811.353.1'373(072) + 811.353.1'38(072) გ-12 56051 2018-12-17 56051 2018-12-17 წიგნი 0.50 ₾.
          ბათუმის შოთა რუსთაველის სახელმწიფო უნივერსიტეტის მთავარი ბიბლიოთეკა ბათუმის შოთა რუსთაველის სახელმწიფო უნივერსიტეტის მთავარი ბიბლიოთეკა წიგნსაცავი 2018-12-17 0.50 811.353.1'373(072) + 811.353.1'38(072) გ-12 56052 2018-12-17 56052 2018-12-17 წიგნი 0.50 ₾.